[Event "2.BLN 1617 Hamburger SK - SV Werder Bre"]
[Site "?"]
[Date "2016.11.20"]
[Round "2.8"]
[White "Doberitz, Paul"]
[Black "Mueller, Oliver"]
[Result "1/2-1/2"]
[WhiteElo "2207"]
[BlackElo "2295"]
[PlyCount "64"]
[EventDate "2016.??.??"]

1. c4 e5 2. g3 Nf6 3. Bg2 c6 4. d4 e4 5. Nc3 d5 6. Bg5 Bb4 7. Qb3 Bxc3+ 8. Qxc3
O-O 9. f3 Nbd7 10. fxe4 dxe4 11. Nh3 h6 12. Bf4 Re8 13. O-O Nf8 14. Nf2 Ng6 15.
Be5 e3 16. Qxe3 Qe7 17. Nd3 Ng4 18. Qf3 Be6 19. Bf4 Nf6 20. b3 Bg4 21. Qf2 Qxe2
22. Ne5 Qxf2+ 23. Rxf2 Nxe5 24. Bxe5 Nd7 25. Bf4 Nf6 26. Be5 Nd7 27. Bf4 Nf6
28. h3 Bh5 29. Be5 Nd7 30. Bf4 Nf6 31. Be5 Nd7 32. Bf4 Nf6 1/2-1/2

[Event "2.BLN 1617 SV Werder Bremen - HSK Liste"]
[Site "?"]
[Date "2016.12.04"]
[Round "3.2"]
[White "Joachim, Sven"]
[Black "Hoffmann, Lukas"]
[Result "1/2-1/2"]
[WhiteElo "2407"]
[BlackElo "2284"]
[PlyCount "114"]
[EventDate "2016.??.??"]

1. e4 c5 2. Nf3 Nc6 3. Bb5 g6 4. Bxc6 dxc6 5. d3 Bg7 6. h3 Nf6 7. Nc3 O-O 8.
Be3 b6 9. Qd2 Re8 10. O-O e5 11. a3 Qd6 12. b4 Nd7 13. Na4 cxb4 14. axb4 Bb7
15. c4 Qc7 16. c5 b5 17. Nc3 a6 18. Rfd1 Rad8 19. Bg5 Ra8 20. Be3 Rad8 21. Bh6
Bh8 22. Bg5 Ra8 23. Be3 Rad8 24. Ne2 Nf8 25. Nc1 Ne6 26. Nb3 Bc8 27. Qc2 Bf6
28. Re1 Bg7 29. Rad1 h6 30. Re2 Kh7 31. Red2 Nd4 32. Bxd4 exd4 33. Re2 Qf4 34.
Qd2 Qc7 35. Ra1 Re7 36. Rae1 Be6 37. Na5 Ree8 38. Qc2 Bd7 39. Nb3 Be6 40. Ra1
Bc8 41. e5 Rd5 42. Nbxd4 Qd7 43. Re4 Rexe5 44. Nxe5 Bxe5 45. Rxe5 Rxe5 46. Nf3
Re7 47. Qc3 Qd5 48. Re1 Rxe1+ 49. Nxe1 Bf5 50. f3 h5 51. g4 hxg4 52. hxg4 Be6
53. Kf2 Qa2+ 54. Ke3 Bd5 55. Nc2 Qb1 56. Kf2 Qc1 57. Ke2 Kg8 1/2-1/2

[Event "2.BLN 1617 SV Werder Bremen - HSK Liste"]
[Site "?"]
[Date "2016.12.04"]
[Round "3.3"]
[White "Buchenau, Frank"]
[Black "Richter, Christian"]
[Result "1/2-1/2"]
[WhiteElo "2262"]
[BlackElo "2364"]
[PlyCount "93"]
[EventDate "2016.??.??"]

1. e4 e5 2. Bc4 Nf6 3. d3 Nc6 4. Nf3 Bc5 5. c3 a6 6. O-O Ba7 7. Nbd2 d6 8. Bb3
O-O 9. h3 h6 10. Re1 Nh5 11. Nf1 Qf6 12. Be3 Nf4 13. d4 g6 14. Bxf4 Qxf4 15.
Ne3 Ne7 16. g3 Qf6 17. Ng4 Bxg4 18. hxg4 Nc6 19. Bd5 Nd8 20. Kg2 c6 21. Bb3 Ne6
22. dxe5 dxe5 23. Bxe6 Qxe6 24. Qd2 Kg7 25. Rad1 Rae8 26. Rh1 Rh8 27. Qd7 Qe7
28. Rd2 Bb8 29. g5 h5 30. Rhd1 Bc7 31. Qh3 Qe6 32. Rd7 Qxh3+ 33. Kxh3 Rc8 34.
Re7 Rhe8 35. Rxe8 Rxe8 36. Rd7 Rc8 37. Nh2 Kf8 38. g4 Ke8 39. Rd3 hxg4+ 40.
Nxg4 Ke7 41. Kg3 Ke6 42. c4 Bd6 43. Nh2 Rh8 44. Rd1 b5 45. Rc1 Kd7 46. Rd1 Ke6
47. Rc1 1/2-1/2

[Event "2.BLN 1617 SV Werder Bremen - HSK Liste"]
[Site "?"]
[Date "2016.12.04"]
[Round "3.4"]
[White "Grigorian, Spartak"]
[Black "Voege, Tobias"]
[Result "1-0"]
[WhiteElo "2335"]
[BlackElo "2250"]
[PlyCount "51"]
[EventDate "2016.??.??"]

1. d4 e6 2. c4 Bb4+ 3. Nc3 f5 4. e3 Nf6 5. Bd3 O-O 6. Nge2 d6 7. Qc2 Nc6 8. O-O
Bxc3 9. Qxc3 a5 10. f3 e5 11. d5 Ne7 12. f4 Ng6 13. b3 Qe7 14. Bb2 Ne4 15. Bxe4
fxe4 16. fxe5 Rxf1+ 17. Rxf1 Nxe5 18. Ng3 Bd7 19. Nxe4 Rf8 20. Rxf8+ Qxf8 21.
c5 Bb5 22. h3 Qf5 23. cxd6 Qxe4 24. dxc7 Qb1+ 25. Kh2 Bd7 26. c8=Q+ 1-0

[Event "2.BLN 1617 SV Werder Bremen - HSK Liste"]
[Site "?"]
[Date "2016.12.04"]
[Round "3.5"]
[White "Hampel, Felix"]
[Black "Charmeteau, Sven"]
[Result "1/2-1/2"]
[WhiteElo "2214"]
[BlackElo "2319"]
[PlyCount "142"]
[EventDate "2016.??.??"]

1. c4 e5 2. Nc3 Nf6 3. Nf3 Nc6 4. g3 d5 5. cxd5 Nxd5 6. Bg2 Nb6 7. O-O Be7 8.
a3 Be6 9. b4 O-O 10. d3 f6 11. Bb2 a5 12. b5 Nd4 13. Nd2 a4 14. e3 Nb3 15. Nxb3
Bxb3 16. Qe2 Rb8 17. f4 exf4 18. Rxf4 Bd6 19. Rh4 Qe7 20. Rf1 Rf7 21. Ne4 Nd7
22. Nxd6 Qxd6 23. Be4 Nf8 24. Qh5 h6 25. Rg4 Be6 26. Rgf4 c6 27. Rc1 cxb5 28.
Qxb5 Nd7 29. Bg6 Re7 30. Qxa4 Ne5 31. Be4 Nxd3 32. Qd1 Rd8 33. Bxd3 Qxd3 34.
Qxd3 Rxd3 35. Re1 Rd2 36. Rf2 Red7 37. Bd4 Rd3 38. Ra1 Rc7 39. Rb2 Bd5 40. Kf2
Rb3 41. Rxb3 Rc2+ 42. Kg1 Bxb3 43. Rb1 Bd5 44. Rb2 Rc1+ 45. Kf2 Rh1 46. h4 Kf7
47. Re2 Be4 48. Rd2 Ke6 49. Bc5 Bc6 50. Bf8 Kf7 51. Bc5 h5 52. Rd8 Rh2+ 53. Kf1
Rc2 54. Bb4 Kg6 55. Rg8 Bg2+ 56. Ke1 Bf3 57. Kf1 Bd5 58. Rd8 Bg2+ 59. Ke1 Bf3
60. Rd7 Rc8 61. Kf2 Bc6 62. Re7 Rd8 63. Rc7 Rg8 64. Re7 Kf5 65. Rf7 g5 66. hxg5
Rxg5 67. Bc3 Rg6 68. Bd4 Ke6 69. Rf8 Ke7 70. Bc5+ Ke6 71. Bd4 Ke7 1/2-1/2

[Event "2.BLN 1617 SV Werder Bremen - HSK Liste"]
[Site "?"]
[Date "2016.12.04"]
[Round "3.6"]
[White "Mueller, Oliver"]
[Black "Hoerstmann, Rudi"]
[Result "1-0"]
[WhiteElo "2295"]
[BlackElo "2237"]
[PlyCount "93"]
[EventDate "2016.??.??"]

1. d4 g6 2. c4 Bg7 3. g3 c5 4. d5 d6 5. Nc3 Bxc3+ 6. bxc3 f5 7. Nf3 Qa5 8. Qb3
Nd7 9. Bg2 Nb6 10. Nd2 Bd7 11. O-O O-O-O 12. Re1 Nf6 13. e4 fxe4 14. Nxe4 Ba4
15. Qb1 Nxc4 16. Nxf6 exf6 17. Re7 Rd7 18. Bh3 f5 19. Rxd7 Bxd7 20. Qb3 b5 21.
Bf1 Nb6 22. Bf4 Kc7 23. c4 bxc4 24. Bxc4 Re8 25. Bf1 Re1 26. Rxe1 Qxe1 27. Qa3
Na4 28. Qd3 Qb4 29. a3 Qb6 30. Qe3 Nb2 31. Qe7 c4 32. Bg5 Qb8 33. Bf4 Qb6 34.
Bg5 Kc8 35. Be3 Qa6 36. Bf4 Kc7 37. Bg5 Qb5 38. Qd8+ Kb7 39. Bf4 Nd3 40. Bxd6
Ka6 41. Qc7 g5 42. h3 f4 43. gxf4 gxf4 44. Bxf4 Qxd5 45. Bg2 Qe6 46. Bd2 Qb6
47. Bb7+ 1-0

[Event "2.BLN 1617 SV Werder Bremen - HSK Liste"]
[Site "?"]
[Date "2016.12.04"]
[Round "3.7"]
[White "Gentemann, Moritz"]
[Black "Steffens, Olaf"]
[Result "1-0"]
[WhiteElo "2184"]
[BlackElo "2250"]
[PlyCount "55"]
[EventDate "2016.??.??"]

1. e4 e6 2. d4 a6 3. Bd3 b5 4. Nf3 c5 5. dxc5 Bxc5 6. O-O Nc6 7. a4 b4 8. Nbd2
Qc7 9. Qe2 Nf6 10. e5 Ng4 11. Nc4 f6 12. Bf4 O-O 13. Bg3 fxe5 14. Bxh7+ Kxh7
15. Ng5+ Kg8 16. Qxg4 Be7 17. Rae1 Rf5 18. Nf3 d6 19. Ne3 Rf6 20. h4 Bb7 21.
Ng5 Nd4 22. f4 exf4 23. Qh5 Rh6 24. Qf7+ Kh8 25. Rxf4 Qd8 26. Rxd4 Bxg5 27.
hxg5 Qxg5 28. Rg4 1-0

[Event "2.BLN 1617 SV Werder Bremen - HSK Liste"]
[Site "?"]
[Date "2016.12.04"]
[Round "3.8"]
[White "Paulet, Iozefina"]
[Black "Virag, Attila Aba"]
[Result "1-0"]
[WhiteElo "2263"]
[BlackElo "2278"]
[PlyCount "139"]
[EventDate "2016.??.??"]

1. e4 d6 2. d4 Nf6 3. Nc3 e5 4. dxe5 dxe5 5. Qxd8+ Kxd8 6. Bc4 Ke8 7. Nf3 Bd6
8. O-O h6 9. Ne1 c6 10. a4 Nbd7 11. Nd3 Nc5 12. f4 Nxd3 13. cxd3 Bc5+ 14. Kh1
Nd7 15. a5 exf4 16. Bxf4 f6 17. Ne2 Nf8 18. d4 Be7 19. Bg3 Bg4 20. d5 cxd5 21.
exd5 Rc8 22. Bb5+ Bd7 23. Bd3 Bb4 24. Rf4 Bd2 25. Rd4 Kf7 26. h3 Be3 27. Rb4 b6
28. Re4 Re8 29. Rxe8 Bxe8 30. a6 Nd7 31. Bf5 Ne5 32. Be6+ Ke7 33. Nc3 Bd4 34.
Rc1 Be3 35. Rf1 Bd4 36. Rc1 Be3 37. Rf1 Bg6 38. Bxe5 fxe5 39. Nb5 Ra8 40. Bg4
Bc5 41. d6+ Bxd6 42. Rd1 Bc5 43. Rd7+ Kf6 44. h4 h5 45. Be2 Be8 46. Rxa7 Rxa7
47. Nxa7 Ke7 48. Bb5 Bd7 49. Nc6+ Bxc6 50. Bxc6 b5 51. Bxb5 Kd6 52. Be2 Kc7 53.
Kh2 Bf2 54. Kh3 Kb6 55. b4 Be1 56. b5 Bf2 57. Bxh5 Kxb5 58. Be2+ Kc6 59. Kg4
Kd6 60. Kf5 Kc6 61. h5 Bd4 62. Bd3 Kd6 63. Be4 Ke7 64. Kg6 Kf8 65. Bd5 Ba7 66.
g4 Be3 67. g5 Bd4 68. h6 gxh6 69. gxh6 e4 70. h7 1-0

[Event "2.BLN 1617 Preetzer TSV - Hamburger SK"]
[Site "?"]
[Date "2016.12.04"]
[Round "3.1"]
[White "Bracker, Frank"]
[Black "Ochsner, Bjorn Moller"]
[Result "1-0"]
[WhiteElo "2435"]
[BlackElo "2424"]
[PlyCount "143"]
[EventDate "2016.??.??"]

1. e4 e5 2. Nf3 Nc6 3. Bc4 Bc5 4. O-O Nf6 5. d3 O-O 6. c3 a6 7. Bb3 Ba7 8. Nbd2
d5 9. exd5 Nxd5 10. Ne4 Be6 11. Nfg5 Bf5 12. Qf3 Nce7 13. Ng3 Be6 14. Bd2 Qd7
15. Nxe6 fxe6 16. Qg4 Ng6 17. Rae1 Rae8 18. Nh5 c6 19. Re4 Rf5 20. d4 exd4 21.
cxd4 Rxh5 22. Qxh5 Nf6 23. Qe2 Nxe4 24. Qxe4 Bxd4 25. Rd1 Kh8 26. h4 c5 27. h5
Nf8 28. Be3 e5 29. h6 Ng6 30. hxg7+ Kxg7 31. Bd5 Nf4 32. Bxb7 Qg4 33. Qf3 Qxf3
34. Bxf3 e4 35. Bxd4+ cxd4 36. Rxd4 exf3 37. Rxf4 Re1+ 38. Kh2 Re2 39. Rxf3
Rxb2 40. a3 a5 41. Kg3 a4 42. Kf4 Re2 43. Kf5 Kf7 44. g4 Kg7 45. Kf4 Kg6 46.
Kg3 Rb2 47. Kf4 Re2 48. g5 Ra2 49. Kg4 Kg7 50. Kh5 Rb2 51. Kg4 Rb3 52. Rf6 Rxa3
53. Ra6 Ra1 54. Kf5 a3 55. Ra7+ Kf8 56. Kf6 Ke8 57. Rxh7 Rb1 58. Ra7 Rb2 59.
Ra8+ Kd7 60. Rxa3 Rxf2+ 61. Kg7 Re2 62. Rd3+ Ke7 63. Rd4 Re1 64. g6 Re2 65. Rf4
Re1 66. Kg8 Re2 67. g7 Re1 68. Rf7+ Ke8 69. Rf5 Ke7 70. Rh5 Rg1 71. Kh8 Kf7 72.
Rh7 1-0

[Event "2.BLN 1617 Preetzer TSV - Hamburger SK"]
[Site "?"]
[Date "2016.12.04"]
[Round "3.2"]
[White "Pedersen, Steffen"]
[Black "Colpe, Malte"]
[Result "0-1"]
[WhiteElo "2370"]
[BlackElo "2403"]
[PlyCount "34"]
[EventDate "2016.??.??"]

1. d4 Nf6 2. c4 g6 3. Nc3 Bg7 4. Bg5 O-O 5. e3 c5 6. d5 Qa5 7. Qd2 a6 8. a4 d6
9. Ra3 h6 10. Bh4 Nbd7 11. Nf3 Qb4 12. Qc2 Nb6 13. Nd2 Bf5 14. Bd3 Nxc4 15.
Nxc4 Qxc4 16. e4 Bxe4 17. Nxe4 Qb4+ 0-1

[Event "2.BLN 1617 Preetzer TSV - Hamburger SK"]
[Site "?"]
[Date "2016.12.04"]
[Round "3.3"]
[White "Van Delft, Merijn"]
[Black "Teplyi, Igor"]
[Result "1/2-1/2"]
[WhiteElo "2376"]
[BlackElo "2438"]
[PlyCount "100"]
[EventDate "2016.??.??"]

1. e4 c5 2. Nf3 d6 3. d4 cxd4 4. Nxd4 Nf6 5. Nc3 a6 6. Bg5 Nbd7 7. Bc4 Qb6 8.
Bb3 e6 9. Qd2 Be7 10. O-O-O Nc5 11. f3 Qc7 12. Kb1 b5 13. a3 Bd7 14. g4 Qb7 15.
Qe2 O-O 16. e5 dxe5 17. Qxe5 Nxb3 18. cxb3 Rfe8 19. Rhe1 Bc6 20. Nxc6 Qxc6 21.
Rd3 Rad8 22. Red1 h6 23. Bf4 Rxd3 24. Rxd3 Rd8 25. Rxd8+ Bxd8 26. Qb8 Qb6 27.
Qa8 Kh7 28. h4 Qd4 29. Bc1 Qd6 30. h5 Be7 31. Qb7 Nd5 32. Nxd5 exd5 33. Bd2 Qe6
34. Bc3 Bc5 35. Qc7 Be3 36. Qe5 Qxe5 37. Bxe5 Bc5 38. Kc2 f6 39. Bc3 Kg8 40.
Kd3 Kf7 41. f4 Ke6 42. f5+ Kd7 43. b4 Bd6 44. Bd4 Be5 45. Ke3 Bxd4+ 46. Kxd4
Kd6 47. b3 Kc6 48. Kd3 Kd7 49. Ke3 Ke7 50. Kd3 Kd7 1/2-1/2

[Event "2.BLN 1617 Preetzer TSV - Hamburger SK"]
[Site "?"]
[Date "2016.12.04"]
[Round "3.4"]
[White "Pedersen, Nicolai Vesterbaek"]
[Black "Engel, Luis"]
[Result "1/2-1/2"]
[WhiteElo "2377"]
[BlackElo "2371"]
[PlyCount "83"]
[EventDate "2016.??.??"]

1. d4 d5 2. c4 c6 3. Nc3 Nf6 4. cxd5 cxd5 5. Bf4 e6 6. e3 a6 7. Bd3 Be7 8. Nf3
Nc6 9. O-O Nh5 10. Be5 O-O 11. Rc1 f6 12. Bg3 Nxg3 13. hxg3 f5 14. Na4 Qd6 15.
Qb3 Rb8 16. Nc5 g5 17. Qc3 Bd7 18. b4 Rfc8 19. Ne5 Be8 20. Qb2 Nxb4 21. Qxb4 b6
22. Nxa6 Qxb4 23. Nxb4 Bxb4 24. Ba6 Rd8 25. Nc6 Bxc6 26. Rxc6 Rd6 27. Rfc1 Rbd8
28. Bc8 Kf7 29. Rc7+ Kf6 30. Rxh7 Bc5 31. Rh6+ Kf7 32. Bxe6+ Rxe6 33. Rxe6 Kxe6
34. dxc5 Rc8 35. c6 Kd6 36. g4 fxg4 37. Kh2 Kc7 38. Kg3 Ra8 39. Kxg4 Rxa2 40.
Kxg5 Rxf2 41. g4 Rf3 42. Re1 1/2-1/2

[Event "2.BLN 1617 Preetzer TSV - Hamburger SK"]
[Site "?"]
[Date "2016.12.04"]
[Round "3.5"]
[White "Kramer, Julian"]
[Black "Bjerre, Jonas"]
[Result "0-1"]
[WhiteElo "2321"]
[BlackElo "2361"]
[PlyCount "108"]
[EventDate "2016.??.??"]

1. e4 c5 2. Nf3 d6 3. Bb5+ Nd7 4. O-O Ngf6 5. Re1 a6 6. Bf1 b6 7. c3 Bb7 8. d3
e6 9. h3 Be7 10. Bf4 O-O 11. Nbd2 e5 12. Bh2 Re8 13. d4 cxd4 14. cxd4 exd4 15.
Nxd4 Bf8 16. f3 Ne5 17. Kh1 d5 18. f4 Nd3 19. Bxd3 dxe4 20. Nxe4 Nxe4 21. Bxe4
Bxe4 22. Nf3 Bb4 23. Qxd8 Raxd8 24. Red1 Bxf3 25. gxf3 g6 26. f5 gxf5 27. Bg1
b5 28. Bd4 Re6 29. Rg1+ Rg6 30. Rad1 Bf8 31. Bc3 Rc8 32. Rd5 Rxg1+ 33. Kxg1 Bg7
34. Bxg7 Kxg7 35. Rd2 Rc6 36. Kf2 Kf6 37. Ke3 Kg5 38. Rg2+ Kh4 39. Rg7 h5 40.
Rxf7 Rc5 41. b4 Rc3+ 42. Kf4 Kxh3 43. Rxf5 h4 44. Rg5 Rc4+ 45. Ke3 Rxb4 46. f4
Ra4 47. f5 Ra3+ 48. Kf2 Rxa2+ 49. Kf3 Ra3+ 50. Kf2 Rg3 51. Rg6 a5 52. Rb6 b4
53. Rb5 Kg4 54. Rxa5 Rf3+ 0-1

[Event "2.BLN 1617 Preetzer TSV - Hamburger SK"]
[Site "?"]
[Date "2016.12.04"]
[Round "3.6"]
[White "Dyrgaard, Kristoffer"]
[Black "Baciu, Diana"]
[Result "1/2-1/2"]
[WhiteElo "2311"]
[BlackElo "2295"]
[PlyCount "127"]
[EventDate "2016.??.??"]

1. e4 e6 2. Nf3 d5 3. Nc3 Nf6 4. e5 Nfd7 5. d4 c5 6. dxc5 Bxc5 7. Bd3 Nc6 8.
Bf4 f6 9. exf6 Qxf6 10. Bg5 Qf7 11. O-O O-O 12. Bh4 Qh5 13. Bg3 Bb4 14. Nb5 Nc5
15. Be2 Ne4 16. Nd2 Qg5 17. Nxe4 dxe4 18. c3 Bc5 19. Nd6 Bxd6 20. Qxd6 Rd8 21.
Qf4 Qxf4 22. Bxf4 Ne7 23. Bc4 Nd5 24. Bg5 Rf8 25. Rae1 Rf5 26. Bc1 Nf6 27. Rd1
Kf7 28. Rd4 b5 29. Bb3 h6 30. Rfd1 Ke7 31. Bc2 Rd5 32. b3 Bb7 33. Ba3+ Kf7 34.
c4 Rxd4 35. Rxd4 Rc8 36. c5 a5 37. b4 Ra8 38. Bb1 Bd5 39. bxa5 Rxa5 40. Bb4 Ra8
41. a3 Rc8 42. Kf1 e5 43. Rd2 Ke6 44. Ke2 Rc7 45. h3 Bc4+ 46. Ke1 Bd5 47. Ke2
Nd7 48. Ke3 Nxc5 49. Bxc5 Rxc5 50. Bxe4 Bxe4 51. Kxe4 Rc4+ 52. Ke3 Ra4 53. Rd3
b4 54. axb4 Rxb4 55. Ra3 h5 56. g3 Kf5 57. h4 g5 58. hxg5 h4 59. gxh4 Rxh4 60.
Ra5 Re4+ 61. Kf3 Rf4+ 62. Ke3 Re4+ 63. Kf3 Rf4+ 64. Ke3 1/2-1/2

[Event "2.BLN 1617 Preetzer TSV - Hamburger SK"]
[Site "?"]
[Date "2016.12.04"]
[Round "3.7"]
[White "Meissner, Felix"]
[Black "Schwarz, Frank"]
[Result "1-0"]
[WhiteElo "2255"]
[BlackElo "2244"]
[PlyCount "83"]
[EventDate "2016.??.??"]

1. e4 e6 2. d4 d5 3. Nd2 Nf6 4. e5 Nfd7 5. Bd3 c5 6. c3 Nc6 7. Ne2 cxd4 8. cxd4
f6 9. Nf4 Nxd4 10. Qh5+ Ke7 11. Ng6+ hxg6 12. exf6+ Nxf6 13. Qxh8 Kf7 14. Qh4
e5 15. Nf3 Nxf3+ 16. gxf3 e4 17. fxe4 Bb4+ 18. Kf1 dxe4 19. Bc4+ Ke7 20. Bg5
Qd4 21. Be2 Be6 22. Rd1 Qe5 23. Bxf6+ gxf6 24. Qh7+ Bf7 25. Bc4 Rf8 26. Bxf7
Rxf7 27. Rd7+ Kxd7 28. Qxf7+ Be7 29. Qxg6 f5 30. Kg2 Qd5 31. Qg3 Bc5 32. Qb3
Qxb3 33. axb3 Ke6 34. Rd1 Be7 35. Kf1 Bf6 36. Rd2 a5 37. Ke2 Bg5 38. Rc2 Kd5
39. Rc7 b6 40. Rf7 Ke5 41. Rf8 f4 42. f3 1-0

[Event "2.BLN 1617 Preetzer TSV - Hamburger SK"]
[Site "?"]
[Date "2016.12.04"]
[Round "3.8"]
[White "Reinecker, Kai"]
[Black "Doberitz, Paul"]
[Result "1-0"]
[WhiteElo "2255"]
[BlackElo "2209"]
[PlyCount "51"]
[EventDate "2016.??.??"]

1. e4 c5 2. c3 d5 3. exd5 Qxd5 4. d4 Nf6 5. Nf3 Nc6 6. Be2 e6 7. O-O cxd4 8.
cxd4 Be7 9. Nc3 Qd6 10. Be3 O-O 11. Nb5 Qb8 12. Qd2 Nd5 13. Nc3 Bb4 14. a3 Ba5
15. b4 Nxc3 16. Qxc3 Bd8 17. Ne5 Ne7 18. Bf3 Qd6 19. Nc4 Qd7 20. Ne5 Qd6 21.
Qc5 Bc7 22. Bf4 Rd8 23. Rfd1 Nf5 24. Rac1 f6 25. Qxc7 fxe5 26. Bxe5 1-0

[Event "2.BLN 1617 SF Berlin - Turm Kiel"]
[Site "?"]
[Date "2016.12.04"]
[Round "3.1"]
[White "Glud, Jakob Vang"]
[Black "Ahmadinia, Ebrahim"]
[Result "1-0"]
[WhiteElo "2511"]
[BlackElo "2389"]
[PlyCount "69"]
[EventDate "2016.??.??"]

1. c4 e5 2. g3 Nf6 3. Bg2 c6 4. d4 exd4 5. Qxd4 Na6 6. Nf3 Bc5 7. Qe5+ Be7 8.
O-O O-O 9. Nc3 d6 10. Qf4 Nc5 11. Nd4 Ne6 12. Qd2 Nxd4 13. Qxd4 Be6 14. Bd2 Qb6
15. Qxb6 axb6 16. b3 d5 17. cxd5 Nxd5 18. Nxd5 cxd5 19. a4 Rac8 20. Rfc1 Bf6
21. Rab1 Rc6 22. b4 Rfc8 23. Rxc6 bxc6 24. h4 Kf8 25. b5 c5 26. a5 bxa5 27. b6
Be5 28. b7 Re8 29. Bxa5 Ke7 30. e4 dxe4 31. Bxe4 f5 32. Bc6 Bd7 33. Re1 Kd6 34.
Bxd7 Kxd7 35. Rxe5 1-0

[Event "2.BLN 1617 SF Berlin - Turm Kiel"]
[Site "?"]
[Date "2016.12.04"]
[Round "3.2"]
[White "Nogly, Christoph"]
[Black "Stopa, Jacek"]
[Result "0-1"]
[WhiteElo "2235"]
[BlackElo "2479"]
[PlyCount "68"]
[EventDate "2016.??.??"]

1. d4 Nf6 2. c4 b6 3. f3 d6 4. Nc3 e5 5. d5 Nh5 6. g3 f5 7. e4 f4 8. Nge2 Be7
9. Qa4+ Bd7 10. Qc2 O-O 11. Bg2 Qe8 12. Bd2 Na6 13. a3 c5 14. O-O-O Nc7 15. g4
Nf6 16. g5 Nh5 17. h4 a6 18. Bh3 Bxh3 19. Rxh3 b5 20. Be1 Qd7 21. Rh2 bxc4 22.
Na4 Rab8 23. Ba5 Nb5 24. Nb6 Qb7 25. Nxc4 Ng3 26. Bc3 Bd8 27. Nxd6 Nxd6 28.
Bxe5 Qe7 29. Bc3 Nc4 30. Bd2 Nxb2 31. Rg1 Nxe2+ 32. Rxe2 c4 33. Bc3 Nd3+ 34.
Kd2 Bb6 0-1

[Event "2.BLN 1617 SF Berlin - Turm Kiel"]
[Site "?"]
[Date "2016.12.04"]
[Round "3.3"]
[White "Hoi, Carsten"]
[Black "Chatzidakis, Mihail"]
[Result "1/2-1/2"]
[WhiteElo "2378"]
[BlackElo "2310"]
[PlyCount "115"]
[EventDate "2016.??.??"]

1. d4 Nf6 2. c4 g6 3. Nc3 Bg7 4. e4 O-O 5. Nf3 d6 6. h3 e5 7. d5 Na6 8. Bg5 h6
9. Be3 Nc5 10. Nd2 a5 11. Be2 c6 12. Qc2 Bd7 13. g4 a4 14. a3 Qa5 15. O-O-O
cxd5 16. exd5 Rfc8 17. Kb1 Ne8 18. h4 e4 19. h5 g5 20. Ndxe4 Nxe4 21. Nxe4 b5
22. Bd2 Qb6 23. Bc3 Bxc3 24. Qxc3 bxc4 25. Rc1 Qd8 26. Qd4 f5 27. gxf5 Bxf5 28.
Ka1 Qe7 29. Nc3 Bd7 30. Bxc4 Qg7 31. Qxg7+ Kxg7 32. Bd3 Kf6 33. Rce1 Ra5 34.
Ne4+ Kg7 35. Nxd6 Nxd6 36. Re7+ Kf6 37. Rxd7 Rxd5 38. Bb1 Rd2 39. Re1 Ne4 40.
Rh7 Nc5 41. Rxh6+ Kf7 42. Ba2+ Nb3+ 43. Bxb3+ axb3 44. Rb6 Rd3 45. Kb1 Rf3 46.
Rc1 Rxc1+ 47. Kxc1 Rxf2 48. Rxb3 Rh2 49. a4 Rxh5 50. Kd2 Rh2+ 51. Ke1 Rh1+ 52.
Kf2 Ra1 53. Rb4 Ke6 54. Kf3 Rf1+ 55. Kg3 Rg1+ 56. Kf2 Ra1 57. b3 Kd5 58. Kg2
1/2-1/2

[Event "2.BLN 1617 SF Berlin - Turm Kiel"]
[Site "?"]
[Date "2016.12.04"]
[Round "3.4"]
[White "Lundin, Jan"]
[Black "Berg, Klaus"]
[Result "0-1"]
[WhiteElo "2284"]
[BlackElo "2350"]
[PlyCount "106"]
[EventDate "2016.??.??"]

1. e4 c6 2. d4 d5 3. exd5 cxd5 4. c4 Nf6 5. Nc3 Nc6 6. Nf3 Bg4 7. cxd5 Nxd5 8.
Qb3 Bxf3 9. gxf3 e6 10. Qxb7 Nxd4 11. Bb5+ Nxb5 12. Qc6+ Ke7 13. Qxb5 Qd7 14.
Nxd5+ Qxd5 15. Qxd5 exd5 16. Be3 Ke6 17. Ke2 Bd6 18. Bd4 Be5 19. Bxe5 Kxe5 20.
Rhg1 g6 21. Kd3 Rhb8 22. Rae1+ Kd6 23. Re2 Rb4 24. b3 Rf4 25. Rg3 Rc8 26. Re3
h5 27. Kd2 d4 28. Rd3 a5 29. a3 Rc5 30. Rg1 Rh4 31. Rh1 Kd5 32. h3 Rc6 33. Re1
Re6 34. Rc1 Rxh3 35. Rc4 Rh1 36. Rdxd4+ Ke5 37. Rd7 Rd6+ 38. Rxd6 Kxd6 39. Ra4
Rb1 40. Kc3 Rf1 41. Rxa5 Rxf2 42. Kd4 Rxf3 43. Ra6+ Ke7 44. b4 h4 45. Ra8 h3
46. Ke4 h2 47. Rh8 Rxa3 48. Kd5 Ra2 49. b5 Rb2 50. Kc6 g5 51. b6 g4 52. b7 g3
53. Rh5 f5 0-1

[Event "2.BLN 1617 SF Berlin - Turm Kiel"]
[Site "?"]
[Date "2016.12.04"]
[Round "3.5"]
[White "Boe, Mads"]
[Black "Priebe, Jan"]
[Result "1/2-1/2"]
[WhiteElo "2321"]
[BlackElo "2238"]
[PlyCount "79"]
[EventDate "2016.??.??"]

1. e4 c5 2. c3 d5 3. exd5 Qxd5 4. d4 Nf6 5. Nf3 Bg4 6. Be2 e6 7. Be3 cxd4 8.
cxd4 Nc6 9. Nc3 Qa5 10. O-O Be7 11. h3 Bh5 12. Qb3 Qb4 13. g4 Bg6 14. Ne5 O-O
15. Nxc6 bxc6 16. Qxb4 Bxb4 17. Rac1 Rfd8 18. g5 Ne4 19. Nb1 Rac8 20. Bf3 Be7
21. h4 c5 22. Bxe4 Bxe4 23. dxc5 Bxb1 24. Rxb1 Bxc5 25. Bxc5 Rxc5 26. Rfd1
Rxd1+ 27. Rxd1 g6 28. Kg2 Kg7 29. Rd7 a5 30. Rb7 a4 31. b3 axb3 32. axb3 Rf5
33. b4 h6 34. gxh6+ Kxh6 35. b5 g5 36. hxg5+ Kxg5 37. b6 Rb5 38. Rxf7 Rxb6 39.
Rg7+ Kf6 40. Rg3 1/2-1/2

[Event "2.BLN 1617 SF Berlin - Turm Kiel"]
[Site "?"]
[Date "2016.12.04"]
[Round "3.6"]
[White "Pruvot, Louis"]
[Black "Junge, Ralph"]
[Result "0-1"]
[WhiteElo "2170"]
[BlackElo "2268"]
[PlyCount "76"]
[EventDate "2016.??.??"]

1. d4 e6 2. c4 b6 3. Nf3 Bb7 4. g3 Bb4+ 5. Bd2 Bxf3 6. exf3 Bxd2+ 7. Qxd2 d5 8.
cxd5 Qxd5 9. Qf4 Nf6 10. Nc3 Qd7 11. Bc4 O-O 12. O-O Nc6 13. Rfd1 Ne7 14. Rac1
Rad8 15. Bb3 c6 16. Ne4 Nfd5 17. Qh4 h6 18. Ba4 f5 19. Nd2 Ng6 20. Qh5 Ndf4 21.
gxf4 Nxf4 22. Qh4 Ne2+ 23. Kf1 Nxc1 24. Nc4 Nxa2 25. Ne5 Qd5 26. Bxc6 Qb3 27.
Rd2 Qb4 28. Qf4 Qd6 29. Qe3 Nb4 30. Ba4 Nd5 31. Qe2 Rc8 32. Rc2 Rxc2 33. Qxc2
Kh7 34. Bb3 b5 35. Qd2 a6 36. Qc1 a5 37. Ba2 Nb4 38. Bb3 a4 0-1

[Event "2.BLN 1617 SF Berlin - Turm Kiel"]
[Site "?"]
[Date "2016.12.04"]
[Round "3.7"]
[White "Budzyn, Matthias"]
[Black "Brettschneider, Stefan"]
[Result "1/2-1/2"]
[WhiteElo "2182"]
[BlackElo "2262"]
[PlyCount "95"]
[EventDate "2016.??.??"]

1. e4 e6 2. d4 d5 3. e5 c5 4. c3 Qb6 5. Nf3 Nc6 6. a3 c4 7. Nbd2 Na5 8. h4 Bd7
9. g3 O-O-O 10. Bh3 Kb8 11. O-O h6 12. h5 Ne7 13. Nh4 Rg8 14. Kh2 g6 15. Bg4
Nf5 16. Ng2 Be7 17. Nf3 Nb3 18. Rb1 Ba4 19. Bf4 Ka8 20. Qe2 Rc8 21. Kg1 Rh8 22.
Rfe1 Qd8 23. Bh3 Ng7 24. hxg6 fxg6 25. g4 Qe8 26. Nd2 Na5 27. Ne3 g5 28. Bh2
Qg6 29. Bg2 Rcd8 30. f3 Ne8 31. Ndf1 Nc7 32. Ng3 Rdf8 33. Nh5 Rf7 34. f4 gxf4
35. Nxf4 Qg5 36. Rf1 Rhf8 37. Nh3 Rxf1+ 38. Rxf1 Rxf1+ 39. Bxf1 Qg6 40. Qf2 Nb3
41. Qc2 Qg8 42. Qg2 Be8 43. Bf4 Qh7 44. g5 hxg5 45. Bxg5 b5 46. Bxe7 Qxe7 47.
a4 a6 48. axb5 1/2-1/2

[Event "2.BLN 1617 SF Berlin - Turm Kiel"]
[Site "?"]
[Date "2016.12.04"]
[Round "3.8"]
[White "Noetzel, Felix"]
[Black "Olsen, Filip Boe"]
[Result "1-0"]
[WhiteElo "2174"]
[BlackElo "2157"]
[PlyCount "119"]
[EventDate "2016.??.??"]

1. e4 c6 2. d4 d5 3. Nc3 dxe4 4. Nxe4 Bf5 5. Ng3 Bg6 6. Nh3 e6 7. Nf4 Bd6 8. h4
Qc7 9. Nxg6 hxg6 10. Ne4 Bf4 11. g3 Bxc1 12. Qxc1 Nd7 13. Bg2 Ngf6 14. Ng5 Rd8
15. O-O O-O 16. c3 Nb6 17. Qc2 Nbd5 18. Rfe1 Rd6 19. Re2 Rfd8 20. Bf3 Ne7 21.
Rae1 Nf5 22. a4 b5 23. Re5 Nd7 24. R5e2 Nf6 25. Re5 b4 26. Ne4 Nxe4 27. Bxe4
Rb8 28. h5 bxc3 29. bxc3 gxh5 30. Bxf5 exf5 31. Qxf5 g6 32. Qf4 Rd7 33. Qf6 Qc8
34. Re7 Rxe7 35. Rxe7 Qf8 36. Rxa7 Ra8 37. Rd7 Qe8 38. Re7 Qf8 39. Rd7 Qe8 40.
Qxc6 Ra7 41. Rd6 Qe7 42. Qd5 Rxa4 43. Rxg6+ Kf8 44. Rc6 Ra1+ 45. Kg2 h4 46. Qc5
Qxc5 47. Rxc5 hxg3 48. Kxg3 Ke7 49. Kf4 Ra6 50. Rc7+ Ke6 51. c4 Ra4 52. d5+ Kd6
53. Rc6+ Kd7 54. Ke5 Ra3 55. Rf6 Ke8 56. c5 Ra5 57. Kd6 Ra7 58. c6 Ra8 59. Rh6
Rd8+ 60. Ke5 1-0